000 00480nam a2200181Ia 4500
003 GCL
008 140319s9999 xx 000 0 eng d
040 _aGCL /
_cGCL
082 0 4 _a005.7565
_bB W
100 1 _aBACKER, DON
245 1 0 _aWORKING WITH PARADOX FOR WINDOWS /
_cBACKER, DON
700 1 _aWEINGARTEN, JOHN
260 _a[S.N] :
_bBOYD AND FRASER PUBLISHING CO. ،
_c1994
300 _a297 P
650 0 4 _aDATABASE MANAGMENT
650 0 4 _aPARADOX
942 _2ddc
_cBK
999 _c21945
_d21945